New method to organize independent study in mathematics for engineering students; 8th World Conference on Educational Sciences (WCES-2016)

Detalhes bibliográficos
Parent link:8th World Conference on Educational Sciences (WCES-2016).— 2016.— [P. 983]
Autor principal: Efremova O. N. Oksana Nikolaevna
Corporate Authors: Национальный исследовательский Томский политехнический университет (ТПУ) Институт международного образования и языковой коммуникации (ИМОЯК) Кафедра междисциплинарная (МД), Национальный исследовательский Томский политехнический университет (ТПУ) Институт природных ресурсов (ИПР) Кафедра геологии и разведки полезных ископаемых (ГРПИ), Национальный исследовательский Томский политехнический университет (ТПУ) Физико-технический институт (ФТИ) Кафедра иностранных языков физико-технического института (ИЯФТ)
Outros Autores: Plotnikova I. V. Inna Vasilievna, Ustyuzhanina A. K. Anna Konstantinovna
Resumo:Title screen
Idioma:inglês
Publicado em: 2016
Assuntos:
Acesso em linha:http://www.awer-center.org/abstracts/WCES%202016%20Abstracts%20Book.pdf#page=983
Formato: MixedMaterials Recurso Electrónico Capítulo de Livro
KOHA link:https://koha.lib.tpu.ru/cgi-bin/koha/opac-detail.pl?biblionumber=646727

MARC

LEADER 00000naa0a2200000 4500
001 646727
005 20250610094556.0
035 |a (RuTPU)RU\TPU\network\11863 
090 |a 646727 
100 |a 20160311d2016 k||y0rusy50 ba 
101 0 |a eng 
102 |a GR 
135 |a drcn ---uucaa 
181 0 |a i  
182 0 |a b 
200 1 |a New method to organize independent study in mathematics for engineering students  |f O. N. Efremova, I. V. Plotnikova, A. K. Ustyuzhanina 
203 |a Text  |c electronic 
300 |a Title screen 
463 |t 8th World Conference on Educational Sciences (WCES-2016)  |o Abstracts Book, 04-06 February 2016, Madrid, Spain  |v [P. 983]  |d 2016 
610 1 |a электронный ресурс 
610 1 |a труды учёных ТПУ 
610 1 |a компетентностный подход 
610 1 |a самообразование 
610 1 |a самообучение 
610 1 |a математика 
700 1 |a Efremova  |b O. N.  |c mathematician  |c Associate Professor of Tomsk Polytechnic University, Candidate of Sciences  |f 1965-  |g Oksana Nikolaevna  |3 (RuTPU)RU\TPU\pers\36297  |9 19371 
701 1 |a Plotnikova  |b I. V.  |c specialist in the field of quality  |c Associate Professor of the Tomsk Polytechnic University, Candidate of technical sciences  |f 1965-  |g Inna Vasilievna  |3 (RuTPU)RU\TPU\pers\33604  |9 17262 
701 1 |a Ustyuzhanina  |b A. K.  |c linguist  |c Associate Professor of Tomsk Polytechnic University, Candidate of philological sciences  |f 1979-  |g Anna Konstantinovna  |3 (RuTPU)RU\TPU\pers\33603  |9 17261 
712 0 2 |a Национальный исследовательский Томский политехнический университет (ТПУ)  |b Институт международного образования и языковой коммуникации (ИМОЯК)  |b Кафедра междисциплинарная (МД)  |3 (RuTPU)RU\TPU\col\19012 
712 0 2 |a Национальный исследовательский Томский политехнический университет (ТПУ)  |b Институт природных ресурсов (ИПР)  |b Кафедра геологии и разведки полезных ископаемых (ГРПИ)  |3 (RuTPU)RU\TPU\col\18660 
712 0 2 |a Национальный исследовательский Томский политехнический университет (ТПУ)  |b Физико-технический институт (ФТИ)  |b Кафедра иностранных языков физико-технического института (ИЯФТ)  |3 (RuTPU)RU\TPU\col\18736 
801 2 |a RU  |b 63413507  |c 20160311  |g RCR 
850 |a 63413507 
856 4 |u http://www.awer-center.org/abstracts/WCES%202016%20Abstracts%20Book.pdf#page=983 
942 |c CF